01628cam a2200277 i 4500001001200000003000600012005001700018008004100035035002100076035002300097040004800120041001300168245042800181246014300609246013100752260003500883300003500918336002700953337005400980338002801034500002201062546007101084650007101155650006701226650005701293xx002158724NUKAT20260416194923.0110811s1906 ru |000 0 pol c a(OCoLC)802434429 a(NUKAT)xx002158724 aPOZN U/MCcPOZN U/MCdPOZN U/KKdPOZN U/DWs1 apolhger00aNowo wydany Kancyonał pruski, zawieraiący w sobie wybór pieśni starych i nowych, w ziemi pruskiey i brandenburskiey zwyczaynych, z wyrokami Pisma Ś. nad każdą pieśnią z gorliwemi modlitwami kościelnemi, pospolitemi i osobliwemi, wszystkim w obec służącemi, a oraz też z potrzebnemi reiestrami z przedmową nauczaiącą jakim sposobem tego Kancyonału każdy ku zbudowaniu swemu zażywać ma.30aNowo wydany kancjonał pruski zawierający w sobie wybór pieśni starych i nowych w ziemi pruskiej i brandenburskiej zwyczajnych [...]30aKancyonał pruski zawieraiący w sobie wybór pieśni starych i nowych w ziemi pruskiey i brandenburskiey zwyczaynych [...] aKrólewiec :bHartung,c1906. a[1023] s. pag. varia ;c18 cm. aTekstbtxt2rdacontent aBez urządzenia pośredniczącegobn2rdamedia aWoluminbnc2rdacarrier aCzcionka gotycka. aTekst tł. z niem. z zachowaniem oryginalnych tytułów pieśni. 4aPieśni religijne niemieckievtekstyvtłumaczenia polskie.2kaba 4aKościół ewangelicko-augsburskivpieśni religijne.2kaba 4aModlitwyxKościół ewangelicko-augsburski.2kaba